| 000 | 06361nam a2200457 a 4500 | ||
|---|---|---|---|
| 001 | ebr10196162 | ||
| 003 | CaPaEBR | ||
| 006 | m u | ||
| 007 | cr cn||||||||| | ||
| 008 | 060928s2007 nyua s 001 0 eng | ||
| 010 | _z 2006031977 | ||
| 015 |
_aGBA698678 _2bnb |
||
| 016 | 7 |
_z013607940 _2Uk |
|
| 020 | _z0814474020 | ||
| 020 | _z9780814474020 | ||
| 040 |
_aCaPaEBR _cCaPaEBR |
||
| 035 | _a(OCoLC)123414915 | ||
| 050 | 1 | 4 |
_aHF5381 _b.B143 2007eb |
| 082 | 0 | 4 |
_a650.1/3 _222 |
| 100 | 1 |
_aBaber, Anne, _d1938- |
|
| 245 | 1 | 0 |
_aMake your contacts count _h[electronic resource] : _bnetworking know-how for business and career success / _cAnne Baber, Lynne Waymon. |
| 250 | _a2nd ed. | ||
| 260 |
_aNew York : _bAMACOM, _cc2007. |
||
| 300 |
_axvi, 255 p. : _bill. |
||
| 500 | _aIncludes index. | ||
| 505 | 0 | _aPreface. Get ready for state-of-the-art networking -- The time is right -- Are you ready? -- The contacts count networking system -- pt. I. Survey your skills and mindset -- 1. Assess your skills -- Instructions -- Observing the "netiquette" -- Assessing your comfort level -- Being strategic -- Meeting people -- Using networking organizations -- Making the most of events -- Achieving bottom-line results -- Following through -- Check your results -- Next steps -- 2. Change your mindset -- Come in from the cold -- The ten biggest misconceptions about networking -- Ten turnoffs in the language of networking -- You say you're shy? -- Catch your critic -- Convert your critic into your coach -- Believe the best about yourself and others -- Bonus : know your style -- | |
| 505 | 0 | _apt. II. Set your strategy -- 3. Teach trust -- Move from taking to trusting -- Teach that you can be trusted -- The trust matrix -- Avoid manipulation -- 4. Develop your relationships -- Move through the six stages -- The next move is up to you -- Rate your relationships -- Have questions about the A's? -- 5. Go with your goals -- Size your project to match your goal -- Check out your choices -- Assess your network -- Plan your strategic positioning project -- Bonus : get off to a good start -- | |
| 505 | 0 | _apt. III. Sharpen your skills -- 6. Know the "netiquette" -- Enter enthusiastically -- Brighten up your body language -- ENGAGE your partner -- Tune up your tone of voice -- Consider closeness -- Watch what you put in your mouth -- Treat touching as taboo -- Forego flirting -- Pay your way -- Exchange business cards effectively -- Join groups comfortably -- Bonus : ten tips on the nuances of "netiquette" -- 7. Avoid the top twenty turn-offs -- 8. "Who are you?" -- Why remembering names is hard -- Learn someone's name -- Teach your name -- Try these twenty tips -- Break up bunches of introductions -- Deal skillfully with forgotten names -- Give yourself a tagline -- Yes, mind your manners -- The introduction rule : FIRST IS FOREMOST -- 9. "What do you do?" -- Why most answers bomb -- Make the right things happen -- Give it your BEST -- Be interesting -- Try these tips -- Read these frequently asked questions -- 10. "What are we going to talk about?" -- Listen for your cue -- Use success stories to tell what's new -- Figure out your agenda -- Begin with the right side -- What do you have to give? -- What do you want to get? -- Give and get with ease -- Practice agenda-making -- Go Public with your agenda -- Exchange something -- 11. Make conversation flow -- Listen generously -- Use your EARS -- How listening generously pays off -- Be seriously curious -- Tell success stories -- Construct your story carefully -- Sample these stories -- People want to know... -- 12. End with the future in mind -- Prepare for the next time -- Listen for the bell -- Eight ways to leave -- A ritual for leave-taking -- Do you have questions? -- 13. Follow through -- Focus on follow through -- Figure out your reasons to reconnect -- Face your fears -- Fill in the blanks on your calendar -- The five goals of follow through -- Freshen up your relationships -- Find the way -- Bonus : five more ingenious ways to fit in follow through -- | |
| 505 | 0 | _apt. IV. Select your settings -- 14. Network at work -- Got the right word? -- Bank on the benefits -- Ten ways to get on board quickly -- Assess your corporate culture -- How strong is your inside network? -- Map out a plan -- Pair up with peers -- Avoid erroneous assumptions -- Overcome the barriers -- Bonus : after organizational earthquakes, rebuild your network -- 15. Make it rain clients -- What people think -- Professionalize your practice development -- Make conversations count -- What's one conversation worth? -- Create constellations -- Cross-sell your clients -- Make asking for referrals a ritual -- 16. (Net)work from home -- Tune in to the trends -- Conquer the challenges -- Link up your life and your livelihood -- Bonus : create a constellation -- 17. Make the most of your memberships -- Size your network to fit your needs -- Link up one-on-one -- Access anybody -- Join groups -- Choose groups strategically -- Understand the hierarchy -- Know the group before you join -- Orchestrate who knows you -- The twelve biggest mistakes members make -- Jump right in -- 18. Rev up referral groups -- See how they run -- Shop around -- Check it out -- Don't just join, join in -- Start small -- Spice up the meetings -- Start your own -- 19. Connect at conventions -- Expand your expectations -- Get ready, get set : before you go -- Show up at the conference -- Follow up after you get home -- Later on, get re-inspired -- Bonus : plan meetings that get people talking -- 20. Jump-start your job hunt -- Use the contacts count networking system -- Twenty-five tactics to find a job fast -- Bonus : manage your strategy support group. | |
| 533 |
_aElectronic reproduction. _bPalo Alto, Calif. : _cebrary, _d2013. _nAvailable via World Wide Web. _nAccess may be limited to ebrary affiliated libraries. |
||
| 650 | 0 | _aCareer development. | |
| 650 | 0 | _aBusiness networks. | |
| 650 | 0 | _aSocial networks. | |
| 650 | 0 | _aInterpersonal relations. | |
| 650 | 0 | _aBusiness etiquette. | |
| 650 | 0 | _aSuccess in business. | |
| 655 | 7 |
_aElectronic books. _2local |
|
| 700 | 1 | _aWaymon, Lynne. | |
| 710 | 2 | _aebrary, Inc. | |
| 856 | 4 | 0 |
_uhttp://site.ebrary.com/lib/rucke/Doc?id=10196162 _zAn electronic book accessible through the World Wide Web; click to view |
| 999 |
_c115978 _d115978 |
||